Score 0/16 Timer 07:00
0 Plays Today
Question Answer Wrong Answers
Dorothy Gale is to ________________ as Alice is to Wonderland? Oz
96.1%
Camelot
0.6%
Discworld
1.2%
Sleepy Hollow
2%
Marmalade is to ____________ as Honey is to Winnie the Pooh Paddington Bear
92.6%
Curious George
2.8%
Sam-I-Am
1.3%
The Ugly Duckling
0.8%
Bob Cratchit and Tiny Tim are to A Christmas Carol as Atticus Finch and Scout are to ____________? To Kill a Mockingbird
89.7%
The Catcher in the Rye
4.3%
The Color Purple
0.8%
Little Women
0.4%
Sir Arthur Conan Doyle is to Sherlock Holmes as Agatha Christie is to ____________? Hercule Poirot
88.4%
Nancy Drew
4.2%
Lisbeth Salander
2.8%
Philip Marlowe
2.9%
The Boy Who Lived is to _____________ as Girl on Fire is to Katniss Everdeen? Harry Potter
86.3%
Frodo Baggins
1.7%
Tom Sawyer
3.5%
Jim Hawkins
5.3%
The Canterbury Tales are to Geoffrey Chaucer as ________________ is to Murasaki Shikibu? The Tale of Genji
84.9%
The Tale of Peter Rabbit
1.9%
The Tale of Despereaux
5.4%
A Tale of Two Cities
1.9%
Captain Nemo is to 20,000 Leagues Under the Sea as ____________ is to Around the World in 80 Days? Phileas Fogg
82.3%
Allen Quartermain
5.4%
Nicholas Nickleby
4.7%
Dr. Dolittle
1.3%
Tarzan and John Carter of Mars are to Edgar Rice Burroughs as ______________ are to Roald Dahl? Charlie Bucket and The Big Friendly Giant
81.2%
Charlie Bucket and Wilbur the Pig
5.9%
Allen Quatermain and The Big Friendly Giant
3.2%
Encyclopedia Brown and Charlie Bucket
2.8%
______________ is to Theodor Geisel as Mark Twain is to Samuel Clemens? Dr. Seuss
72.3%
Lemony Snicket
9.2%
O. Henry
6.6%
Ayn Rand
6.6%
Artemis Fowl is to ____________ as Peter Pan is to Tinkerbell? Holly Short
63.1%
Luna Lovegood
7.3%
Lucy Pevensie
15.2%
Pippi Longstocking
9.3%
_____________________ is to the result Lord Byron challenging the author to write a ghost story as Dr. Seuss' 'Green Eggs and Ham' is to the result of Bennett Cerf and the author that he could not write a book using just 50 words? Mary Shelley's 'Frankenstein'
62.2%
Edgar Allan Poe's 'The Murders in the Rue Morgue'
14.3%
Stephen King's 'The Green Mile'
4%
Robert Louis Stevenson's 'Strange Case of Dr Jekyll and Mr Hyde'
11.4%
Twenty Years After, and The Vicomte of Bragelonne are to ______________ as Little Men, and Jo's Boys are to Little Women? The Three Musketeers
60.3%
Don Quixote
10.6%
One Hundred Years of Solitude
15.6%
Of Mice and Men
5.8%
Puck is to 'A Midsummer Night's Dream' as Horatio is to ____________? Hamlet
57.9%
Macbeth
8%
Much Ado About Nothing
15.7%
The Merchant of Venice
14.2%
'The Hitchhiker's Guide to the Galaxy' series is to Douglas Adams and Eoin Colfer as _______________ is to Robert Jordan and Brandon Sanderson? The Wheel of Time Series
57.1%
Conan the Barbarian Series
15.3%
The Stormlight Archive Series
10.5%
The Reckoners Series
8.9%
_____________ is to J. R. R Tolkien as George Raymond Richard is to George R. R. Martin? John Ronald Reuel
45%
James Ronald Reuel
27.9%
John Raymond Ronald
14.6%
Jim Reuel Richard
5.3%
Robinson Crusoe is to ______________ as Les Misérables is to 1862? 1719
32.6%
1791
29.8%
1819
25.6%
1919
5.4%
Remove Ads.
Support Sporcle.
Get the best of Sporcle when you Go Orange. This ad-free experience offers more features, more stats, and more fun while also helping to support Sporcle. Thank you for becoming a member.

You're not logged in!

Compare scores with friends on all Sporcle quizzes.
OR
Log In

Show Comments

Extras

Top Quizzes Today


Score Distribution

Your Account Isn't Verified!

In order to create a playlist on Sporcle, you need to verify the email address you used during registration. Go to your Sporcle Settings to finish the process.

Report this User

Report this user for behavior that violates our Community Guidelines.

Details: